000 00755nam a2200229Ia 4500
001 18376
003 GE_BSU
008 181216s||||||||xx |||||||||||||| ||und||
020 _a9789941234484
040 _cGE_BSU
080 _a51(075.3)
100 _aჯაფარიძე,ნ. წილოსანი,მ. წულაია,ნ.
245 _aმათემატიკა. 11კლ. მოსწავლის წიგნი.
260 _aთბილისი
260 _bბაკურ სულაკაურის გამ-ბა
260 _c2015
300 _a263გვ.28სმ.
541 _h11ლ.
653 _aმათემატიკა
653 _aმოსწავლის წიგნი
942 _cBK
999 _c51391
_d51391